Districts of Vienna - Statistics

General Stats
  • This quiz has been taken 93 times
  • The average score is 16 of 23
Answer Stats
Hint Approx. Population Answer % Correct
1st District 16,600 Innere Stadt
98%
10th District 218,400 Favoriten
84%
11th District 109,000 Simmering
84%
16th District 102,400 Ottakring
79%
22nd District 212,700 Donaustadt
77%
2nd District 108,300 Leopoldstadt
77%
8th District 24,700 Josefstadt
74%
5th District 55,000 Margareten
74%
6th District 31,400 Mariahilf
74%
7th District 31,600 Neubau
74%
3rd District 96,800 Landstraße
72%
12th District 100,300 Meidling
72%
21st District 183,900 Floridsdorf
70%
4th District 33,600 Wieden
70%
14th District 96,800 Penzing
67%
13th District 55,600 Hietzing
65%
9th District 42,200 Alsergrund
63%
23rd District 117,900 Liesing
63%
15th District 76,100 Rudolfsheim-Fünfhaus
63%
19th District 75,500 Döbling
58%
17th District 56,000 Hernals
58%
20th District 85,700 Brigittenau
51%
18th District 51,600 Währing
51%
No matching quizzes found
Score Distribution
Percent of People with Each Score
Percentile by Number Answered
Your Score History
You have not taken this quiz